000 00500cam a2200181ua 4500
020 _a81-7164-001-X
_c250
041 _aeng
_h
082 _a635.1
_bTHA/TE
100 _aThamburaj, S .
245 _aText book of vegetables,tubercrops and spices /
_cS.Thamburaj.
_hTextual Documents
260 _aNew Delhi :
_bIndian Council for Agricultural Research ,
_c2003.
300 _a469 ; .
365 _a250
504 _a
700 1 _aNarendra, Singh .
942 _cBK
999 _c12051
_d12051